[Event "ESP-ch Rapid 2018"]
[Site "Linares"]
[Date "2018.08.19"]
[Round "9"]
[White "Ordonez Torres, Jesus"]
[Black "Beltran De Heredia E, Miguel"]
[Result "0-1"]
[WhiteElo "1989"]
[BlackElo "2229"]
[Annotator "NA"]
[PlyCount "198"]
[EventDate "2018.08.19"]
[EventType "team-tourn"]
[EventCountry "ESP"]
[SourceTitle "playchess.com"]
[Source "ChessBase"]
[SourceQuality "1"]
[TimeControl "900+5"]

1. e4 {[%emt 0:00:00]} c5 {[%emt 0:00:00]} 2. Nf3 d6 3. d4 {[%emt 0:00:00]} cxd4 {[%emt 0:00:00]} 4. Nxd4 {[%emt 0:00:01]} Nf6 {[%emt 0:00:00]} 5. Nc3 {[%emt 0:00:02]} Nc6 {[%emt 0:00:00]} 6. f3 {[%emt 0:00:20]} e5 {[%emt 0:00:11]} 7. Nb3 {[%emt 0:00:21]} Be6 {[%emt 0:00:03]} 8. Bg5 {[%emt 0:00:21]} Be7 {[%emt 0:00:05]} 9. Bxf6 {[%emt 0:03:03]} Bxf6 {[%emt 0:00:01]} 10. Nd5 {[%emt 0:00:01]} Bg5 {[%emt 0:00:48]} 11. Be2 {[%emt 0:00:49]} O-O {[%emt 0:00:07]} 12. O-O {[%emt 0:00:14]} Rc8 {[%emt 0:00:25]} 13. c3 {[%emt 0:00:06]} Kh8 {[%emt 0:00:37]} 14. Qd3 {[%emt 0:00:30]} Ne7 {[%emt 0:01:24]} 15. Nxe7 {[%emt 0:00:48]} Qxe7 {[%emt 0:00:02]} 16. Rad1 {[%emt 0:00:25]} Rfd8 {[%emt 0:00:02]} 17. Kh1 {[%emt 0:01:18]} g6 {[%emt 0:00:08]} 18. Qb5 {[%emt 0:00:48]} a6 {[%emt 0:01:46]} 19. Qa5 {[%emt 0:00:15]} Kg7 {[%emt 0:01:55]} 20. Qa3 {[%emt 0:00:10]} d5 {[%emt 0:00:39]} 21. Qxe7 {[%emt 0:00:08]} Bxe7 {[%emt 0:00:01]} 22. Bd3 {[%emt 0:00:35]} Rc7 {[%emt 0:01:35]} 23. exd5 {[%emt 0:00:35]} Bxd5 {[%emt 0:00:04]} 24. Bc2 {[%emt 0:00:23]} Rcd7 {[%emt 0:00:46]} 25. a3 {[%emt 0:00:25]} b6 {[%emt 0:00:14]} 26. Nc1 {[%emt 0:00:13]} Bc4 {[%emt 0:00:17]} 27. Rxd7 {[%emt 0:00:06]} Rxd7 {[%emt 0:00:01]} 28. Rd1 {[%emt 0:00:01]} Rxd1+ {[%emt 0:00:23]} 29. Bxd1 {[%emt 0:00:01]} Bg5 {[%emt 0:00:29]} 30. Ne2 {[%emt 0:00:47]} a5 {[%emt 0:00:06]} 31. b3 {[%emt 0:00:28]} Bd3 {[%emt 0:00:12]} 32. c4 {[%emt 0:00:19]} Bd2 {[%emt 0:00:32]} 33. Kg1 {[%emt 0:00:10]} f5 {[%emt 0:00:02]} 34. Kf2 {[%emt 0:00:11]} f4 {[%emt 0:00:13]} 35. g4 {[%emt 0:00:40]} g5 {[%emt 0:00:03]} 36. Ng1 {[%emt 0:00:22]} h6 {[%emt 0:00:21]} 37. Nh3 {[%emt 0:00:03]} Kf6 {[%emt 0:00:26]} 38. Kg2 {[%emt 0:00:11]} Be3 {[%emt 0:01:59]} 39. Nf2 {[%emt 0:00:06]} Bxf2 {[%emt 0:00:07]} 40. Kxf2 {[%emt 0:00:02]} e4 {[%emt 0:00:02]} 41. fxe4 {[%emt 0:00:14]} Bxe4 {[%emt 0:00:02]} 42. b4 {[%emt 0:00:09]} axb4 {[%emt 0:00:04]} 43. axb4 {[%emt 0:00:02]} Ke5 {[%emt 0:00:09]} 44. Be2 {[%emt 0:00:44]} Kd4 {[%emt 0:00:02]} 45. Bf1 {[%emt 0:00:11]} Bc2 {[%emt 0:00:10]} 46. Be2 {[%emt 0:00:32]} Bb3 {[%emt 0:00:03]} 47. c5 {[%emt 0:00:01]} bxc5 {[%emt 0:00:01]} 48. bxc5 {[%emt 0:00:01]} Kxc5 {[%emt 0:00:04]} 49. Bd3 {[%emt 0:00:23]} Kd4 {[%emt 0:00:06]} 50. Bf5 {[%emt 0:00:04]} Bd5 {[%emt 0:00:06]} 51. Bd7 {[%emt 0:00:18]} Ke5 {[%emt 0:00:05]} 52. Bb5 {[%emt 0:00:06]} Bf7 {[%emt 0:00:36]} 53. Be2 {[%emt 0:00:04]} Be6 {[%emt 0:00:06]} 54. Bf3 {[%emt 0:00:05]} Kf6 {[%emt 0:00:09]} 55. Bd1 {[%emt 0:00:06]} Bd5 {[%emt 0:00:16]} 56. Be2 {[%emt 0:00:05]} Ke5 {[%emt 0:00:05]} 57. Bd1 {[%emt 0:00:03]} Bc6 {[%emt 0:00:13]} 58. Be2 {[%emt 0:00:05]} Bd7 {[%emt 0:00:27]} 59. Bd1 {[%emt 0:00:05]} Kf6 {[%emt 0:00:05]} 60. Be2 {[%emt 0:00:02]} h5 {[%emt 0:00:18]} 61. h3 {[%emt 0:00:23]} hxg4 {[%emt 0:00:02]} 62. hxg4 {[%emt 0:00:02]} Bc6 {[%emt 0:00:03]} 63. Bd1 {[%emt 0:00:05]} Ke5 {[%emt 0:00:01]} 64. Be2 {[%emt 0:00:04]} Kd4 {[%emt 0:00:04]} 65. Bd1 {[%emt 0:00:08]} Kd3 {[%emt 0:00:18]} 66. Bb3 {[%emt 0:00:18]} Kd2 {[%emt 0:00:11]} 67. Be6 {[%emt 0:00:08]} Kd3 {[%emt 0:00:19]} 68. Bf5+ {[%emt 0:00:08]} Kd4 {[%emt 0:00:01]} 69. Bc8 {[%emt 0:00:12]} Be4 {[%emt 0:00:16]} 70. Bd7 {[%emt 0:00:08]} Bb7 {[%emt 0:00:04]} 71. Be6 {[%emt 0:00:05]} Ke4 {[%emt 0:00:06]} 72. Bf5+ {[%emt 0:00:06]} Ke5 {[%emt 0:00:01]} 73. Bd7 {[%emt 0:00:13]} Bd5 {[%emt 0:00:02]} 74. Ba4 {[%emt 0:00:17]} Ke4 {[%emt 0:00:12]} 75. Bc2+ {[%emt 0:00:01]} Kd4 {[%emt 0:00:01]} 76. Bf5 {[%emt 0:00:04]} Ke5 {[%emt 0:00:02]} 77. Bc2 {[%emt 0:00:04]} Be6 {[%emt 0:00:05]} 78. Bd1 {[%emt 0:00:02]} Kd4 {[%emt 0:00:03]} 79. Be2 {[%emt 0:00:07]} Kc3 {[%emt 0:00:00]} 80. Bd1 {[%emt 0:00:06]} Kd2 {[%emt 0:00:05]} 81. Be2 {[%emt 0:00:08]} Bd5 {[%emt 0:00:01]} 82. Bb5 {[%emt 0:00:08]} Be4 {[%emt 0:00:01]} 83. Bd7 {[%emt 0:00:04]} Bd5 {[%emt 0:00:05]} 84. Bc8 {[%emt 0:00:04]} Kd3 {[%emt 0:00:01]} 85. Bf5+ {[%emt 0:00:04]} Kd4 {[%emt 0:00:01]} 86. Bc8 {[%emt 0:00:02]} Ke5 {[%emt 0:00:04]} 87. Bd7 {[%emt 0:00:05]} Be6 {[%emt 0:00:01]} 88. Bc6 {[%emt 0:00:16]} Bxg4 {[%emt 0:00:01]} 89. Bb7 {[%emt 0:00:03]} Bf5 {[%emt 0:00:01]} 90. Bc6 {[%emt 0:00:04]} g4 {[%emt 0:00:02]} 91. Bb5 {[%emt 0:00:04]} Be4 {[%emt 0:00:01]} 92. Ba6 {[%emt 0:00:03]} g3+ {[%emt 0:00:01]} 93. Ke2 {[%emt 0:00:04]} Kd4 {[%emt 0:00:02]} 94. Bc8 {[%emt 0:00:11]} f3+ {[%emt 0:00:01]} 95. Kf1 {[%emt 0:00:06]} Ke3 {[%emt 0:00:02]} 96. Bh3 {[%emt 0:00:04]} Bd3+ {[%emt 0:00:06]} 97. Kg1 {[%emt 0:00:06]} f2+ {[%emt 0:00:07]} 98. Kh1 {[%emt 0:00:04]} Be4+ {[%emt 0:00:01]} 99. Bg2 {[%emt 0:00:03]} f1=Q# 0-1

[Event "ESP-ch Rapid 2018"]
[Site "Linares"]
[Date "2018.08.19"]
[Round "9"]
[White "Ruiz Casado, Francisco Javier"]
[Black "Redondo Flores, David"]
[Result "0-1"]
[WhiteElo "1975"]
[BlackElo "1971"]
[Annotator "NA"]
[PlyCount "116"]
[EventDate "2018.08.19"]
[EventType "team-tourn"]
[EventCountry "ESP"]
[SourceTitle "playchess.com"]
[Source "ChessBase"]
[SourceQuality "1"]
[TimeControl "900+5"]

1. d4 {[%emt 0:00:00]} d6 {[%emt 0:00:00]} 2. Nf3 {[%emt 0:00:02]} g6 {[%emt 0:00:00]} 3. c4 {[%emt 0:00:03]} f5 {[%emt 0:00:00]} 4. g3 {[%emt 0:00:14]} Nf6 {[%emt 0:00:01]} 5. Bg2 {[%emt 0:00:02]} Bg7 {[%emt 0:00:01]} 6. O-O {[%emt 0:00:02]} O-O {[%emt 0:00:02]} 7. Nc3 {[%emt 0:00:07]} Nc6 {[%emt 0:00:02]} 8. Re1 {[%emt 0:00:41]} e5 {[%emt 0:00:13]} 9. dxe5 {[%emt 0:00:29]} dxe5 {[%emt 0:00:03]} 10. Qb3 {[%emt 0:00:33]} e4 {[%emt 0:00:33]} 11. c5+ {[%emt 0:00:30]} Kh8 {[%emt 0:00:05]} 12. Ng5 {[%emt 0:00:10]} Qe7 {[%emt 0:00:18]} 13. Nh3 {[%emt 0:02:25]} Qxc5 {[%emt 0:00:21]} 14. Bf4 {[%emt 0:00:55]} Na5 {[%emt 0:02:20]} 15. Qc2 {[%emt 0:00:19]} Be6 {[%emt 0:00:21]} 16. Be3 {[%emt 0:00:13]} Qe7 {[%emt 0:00:08]} 17. Nb5 {[%emt 0:00:28]} Nc4 {[%emt 0:00:28]} 18. Bf4 {[%emt 0:00:38]} Nd5 {[%emt 0:00:31]} 19. Rad1 {[%emt 0:02:18]} c6 {[%emt 0:00:42]} 20. Nd4 {[%emt 0:00:42]} Nxf4 {[%emt 0:00:07]} 21. Nxf4 {[%emt 0:00:02]} Bg8 {[%emt 0:00:05]} 22. b3 {[%emt 0:00:36]} Ne5 {[%emt 0:00:48]} 23. Qc1 {[%emt 0:00:36]} Rad8 {[%emt 0:00:27]} 24. Nc2 {[%emt 0:00:04]} g5 {[%emt 0:00:42]} 25. Nh5 {[%emt 0:01:15]} Bh6 {[%emt 0:00:23]} 26. h4 {[%emt 0:00:02]} Bf7 {[%emt 0:00:24]} 27. hxg5 {[%emt 0:00:02]} Bxg5 {[%emt 0:00:03]} 28. Nf4 {[%emt 0:00:02]} Ng4 {[%emt 0:00:34]} 29. Bh3 {[%emt 0:00:14]} e3 {[%emt 0:01:37]} 30. Nxe3 {[%emt 0:00:35]} Nxe3 {[%emt 0:00:49]} 31. Qxe3 {[%emt 0:00:06]} Qxe3 {[%emt 0:00:06]} 32. fxe3 {[%emt 0:00:01]} Bxf4 {[%emt 0:00:36]} 33. exf4 {[%emt 0:00:17]} Bd5 {[%emt 0:00:02]} 34. Bg2 {[%emt 0:00:10]} Bxg2 {[%emt 0:01:33]} 35. Kxg2 {[%emt 0:00:02]} Rfe8 {[%emt 0:00:23]} 36. Kf3 {[%emt 0:00:02]} Kg7 {[%emt 0:00:15]} 37. Rxd8 {[%emt 0:00:34]} Rxd8 {[%emt 0:00:01]} 38. e4 {[%emt 0:00:02]} fxe4+ {[%emt 0:01:10]} 39. Rxe4 {[%emt 0:00:06]} Kf6 {[%emt 0:00:05]} 40. g4 {[%emt 0:00:17]} Rd2 {[%emt 0:00:23]} 41. g5+ {[%emt 0:00:44]} Kf7 {[%emt 0:00:37]} 42. Kg4 {[%emt 0:00:19]} Rxa2 {[%emt 0:00:18]} 43. Rd4 {[%emt 0:00:14]} Re2 {[%emt 0:00:12]} 44. Kf5 {[%emt 0:00:11]} Re7 {[%emt 0:00:07]} 45. Rd3 {[%emt 0:00:05]} a5 {[%emt 0:00:14]} 46. Kg4 {[%emt 0:00:11]} b5 {[%emt 0:00:13]} 47. f5 {[%emt 0:00:08]} a4 {[%emt 0:00:23]} 48. bxa4 {[%emt 0:00:06]} bxa4 {[%emt 0:00:01]} 49. Kh5 {[%emt 0:00:09]} Ra7 {[%emt 0:00:06]} 50. Kh6 {[%emt 0:00:31]} a3 {[%emt 0:00:06]} 51. g6+ {[%emt 0:00:27]} hxg6 {[%emt 0:00:06]} 52. fxg6+ {[%emt 0:00:01]} Kf6 {[%emt 0:00:09]} 53. g7 {[%emt 0:00:07]} Ra8 {[%emt 0:00:04]} 54. Rf3+ {[%emt 0:00:09]} Ke7 {[%emt 0:00:02]} 55. Kh7 {[%emt 0:00:08]} a2 {[%emt 0:00:01]} 56. Rf1 {[%emt 0:00:08]} a1=Q {[%emt 0:00:09]} 57. Rxa1 Rxa1 {[%emt 0:00:01]} 58. g8=Q {[%emt 0:00:08]} Rh1+ {[%emt 0:00:01]} 0-1

[Event "ESP-ch Rapid 2018"]
[Site "Linares"]
[Date "2018.08.19"]
[Round "9"]
[White "Hernandez Perez, Juan Carlos"]
[Black "Salvador Lopez, Daniel"]
[Result "1-0"]
[WhiteElo "1946"]
[BlackElo "2162"]
[Annotator "NA"]
[PlyCount "141"]
[EventDate "2018.08.19"]
[EventType "team-tourn"]
[EventCountry "ESP"]
[SourceTitle "playchess.com"]
[Source "ChessBase"]
[SourceQuality "1"]
[TimeControl "900+5"]

1. e4 {[%emt 0:00:00]} c6 {[%emt 0:00:00]} 2. d4 {[%emt 0:00:00]} d5 {[%emt 0:00:00]} 3. Nc3 {[%emt 0:00:02]} dxe4 {[%emt 0:00:00]} 4. Nxe4 {[%emt 0:00:02]} Bf5 {[%emt 0:00:02]} 5. Ng3 {[%emt 0:00:01]} Bg6 {[%emt 0:00:01]} 6. Nf3 {[%emt 0:00:02]} Nd7 {[%emt 0:00:01]} 7. Bd3 {[%emt 0:00:10]} e6 {[%emt 0:00:04]} 8. Bf4 {[%emt 0:00:16]} Ngf6 {[%emt 0:00:03]} 9. O-O {[%emt 0:01:01]} Be7 {[%emt 0:00:04]} 10. c3 {[%emt 0:01:23]} O-O {[%emt 0:00:08]} 11. Re1 {[%emt 0:00:05]} Nd5 {[%emt 0:00:20]} 12. Bc1 {[%emt 0:00:04]} Bd6 {[%emt 0:00:13]} 13. Ne4 {[%emt 0:00:03]} Bc7 {[%emt 0:00:02]} 14. Neg5 {[%emt 0:00:42]} Bf4 {[%emt 0:00:40]} 15. Bxg6 {[%emt 0:00:44]} hxg6 {[%emt 0:00:10]} 16. Qc2 {[%emt 0:00:20]} Qf6 {[%emt 0:00:59]} 17. Qe4 {[%emt 0:00:24]} Qf5 {[%emt 0:00:37]} 18. g3 {[%emt 0:01:00]} Qxe4 {[%emt 0:01:05]} 19. Rxe4 {[%emt 0:00:17]} Bxc1 {[%emt 0:00:12]} 20. Rxc1 {[%emt 0:00:05]} N7b6 {[%emt 0:00:14]} 21. Re2 {[%emt 0:01:42]} Rad8 {[%emt 0:00:49]} 22. Ne4 {[%emt 0:00:24]} Nc4 {[%emt 0:00:26]} 23. Nfg5 {[%emt 0:00:39]} Nd6 {[%emt 0:00:41]} 24. Nc5 {[%emt 0:01:17]} b6 {[%emt 0:00:07]} 25. Nd3 {[%emt 0:00:07]} a5 {[%emt 0:01:29]} 26. Nf3 {[%emt 0:00:20]} Rc8 {[%emt 0:00:35]} 27. Nfe5 {[%emt 0:00:10]} Nf6 {[%emt 0:00:10]} 28. Kg2 {[%emt 0:00:35]} Rfd8 {[%emt 0:00:01]} 29. Nf3 {[%emt 0:00:52]} Nd7 {[%emt 0:00:20]} 30. Rd1 {[%emt 0:00:37]} Nf5 {[%emt 0:00:34]} 31. Red2 {[%emt 0:00:37]} Nf6 {[%emt 0:00:32]} 32. Ng5 {[%emt 0:00:21]} Nd7 {[%emt 0:00:16]} 33. Kf1 {[%emt 0:00:22]} Kf8 {[%emt 0:00:12]} 34. Ke1 {[%emt 0:00:14]} Ke7 {[%emt 0:00:10]} 35. Re2 {[%emt 0:00:15]} Kf8 {[%emt 0:00:21]} 36. Nf4 {[%emt 0:00:03]} Re8 {[%emt 0:00:15]} 37. Nd3 {[%emt 0:00:04]} Nh6 {[%emt 0:00:26]} 38. Nf4 {[%emt 0:00:21]} Ng4 {[%emt 0:00:36]} 39. h3 {[%emt 0:00:05]} Ngf6 {[%emt 0:00:02]} 40. Kf1 {[%emt 0:00:11]} Nd5 {[%emt 0:00:03]} 41. Nd3 {[%emt 0:00:09]} c5 {[%emt 0:00:21]} 42. dxc5 {[%emt 0:00:02]} Nxc5 {[%emt 0:00:07]} 43. Nxc5 {[%emt 0:00:03]} Rxc5 {[%emt 0:00:03]} 44. Ne4 {[%emt 0:00:01]} Rc6 {[%emt 0:00:07]} 45. Red2 {[%emt 0:00:03]} Rec8 {[%emt 0:00:09]} 46. Rd4 {[%emt 0:00:04]} Nf6 {[%emt 0:00:19]} 47. Ng5 {[%emt 0:00:19]} Nd5 {[%emt 0:00:02]} 48. Ne4 {[%emt 0:00:04]} Ke7 {[%emt 0:00:12]} 49. Ke2 {[%emt 0:00:03]} Rc4 {[%emt 0:00:33]} 50. Ng5 {[%emt 0:00:14]} Rxd4 {[%emt 0:00:25]} 51. Rxd4 {[%emt 0:00:01]} b5 {[%emt 0:00:18]} 52. Nf3 {[%emt 0:00:04]} b4 {[%emt 0:00:19]} 53. cxb4 {[%emt 0:00:26]} axb4 {[%emt 0:00:05]} 54. Rd2 {[%emt 0:00:08]} Ra8 {[%emt 0:00:03]} 55. b3 {[%emt 0:00:17]} Nc3+ {[%emt 0:00:31]} 56. Kd3 {[%emt 0:00:03]} Nxa2 {[%emt 0:00:02]} 57. Ne5 {[%emt 0:00:03]} Ra6 {[%emt 0:00:47]} 58. Kc4 {[%emt 0:00:07]} Nc3 {[%emt 0:00:07]} 59. Rd7+ {[%emt 0:00:08]} Kf6 {[%emt 0:00:02]} 60. Nxf7 {[%emt 0:00:09]} Rb6 {[%emt 0:00:18]} 61. f4 {[%emt 0:00:04]} Kf5 {[%emt 0:00:49]} 62. Ne5 {[%emt 0:00:08]} Ke4 {[%emt 0:00:12]} 63. Rxg7 {[%emt 0:00:05]} Nd5 {[%emt 0:00:08]} 64. Rxg6 {[%emt 0:00:17]} Ra6 {[%emt 0:00:28]} 65. h4 {[%emt 0:00:11]} Ra1 {[%emt 0:00:03]} 66. h5 {[%emt 0:00:06]} Rh1 {[%emt 0:00:28]} 67. h6 {[%emt 0:00:03]} Kf5 {[%emt 0:00:03]} 68. Kc5 {[%emt 0:00:26]} Rc1+ {[%emt 0:00:08]} 69. Kd6 {[%emt 0:00:04]} Nf6 {[%emt 0:00:08]} 70. g4+ {[%emt 0:00:17]} Kxf4 {[%emt 0:00:14]} 71. Nd3+ {[%emt 0:00:03]} 1-0